Textbook of medical biochemistry / (Record no. 330525)

000 -LEADER
fixed length control field 01374cam a22003377a 4500
001 - CONTROL NUMBER
control field 17482683
003 - CONTROL NUMBER IDENTIFIER
control field ASAB
005 - DATE AND TIME OF LATEST TRANSACTION
control field 20170718165137.0
008 - FIXED-LENGTH DATA ELEMENTS--GENERAL INFORMATION
fixed length control field 121003s2012 ii a b 001 0 eng d
010 ## - LIBRARY OF CONGRESS CONTROL NUMBER
LC control number 2012471693
016 7# - NATIONAL BIBLIOGRAPHIC AGENCY CONTROL NUMBER
Record control number 015968132
Source Uk
020 ## - INTERNATIONAL STANDARD BOOK NUMBER
International Standard Book Number 9789350254844 (pbk.)
020 ## - INTERNATIONAL STANDARD BOOK NUMBER
International Standard Book Number 81-8448-134-9
020 ## - INTERNATIONAL STANDARD BOOK NUMBER
International Standard Book Number 9350254840 (pbk.)
035 ## - SYSTEM CONTROL NUMBER
System control number (OCoLC)ocn769627007
040 ## - CATALOGING SOURCE
Transcribing agency ASAB
042 ## - AUTHENTICATION CODE
Authentication code lccopycat
050 00 - LIBRARY OF CONGRESS CALL NUMBER
Classification number QP514.2
Item number .C484 2012
082 00 - DEWEY DECIMAL CLASSIFICATION NUMBER
Classification number 612.015
Edition number 23
100 1# - MAIN ENTRY--PERSONAL NAME
Personal name Chatterjea, M. N.
9 (RLIN) 3416
245 10 - TITLE STATEMENT
Title Textbook of medical biochemistry /
Statement of responsibility, etc. MN Chatterjea, Rana Shinde.
246 1# - VARYING FORM OF TITLE
Title proper/short title Medical biochemistry
250 ## - EDITION STATEMENT
Edition statement 7th ed.
260 ## - PUBLICATION, DISTRIBUTION, ETC.
Place of publication, distribution, etc. New Delhi :
Name of publisher, distributor, etc. Jaypee Brothers Medical Publications (P) Ltd.,
Date of publication, distribution, etc. c2008.
300 ## - PHYSICAL DESCRIPTION
Extent xvii, 809 p. :
Other physical details ill. (some col.) ;
Dimensions 28 cm.
504 ## - BIBLIOGRAPHY, ETC. NOTE
Bibliography, etc. note Includes bibliographical references (p. [859]-860) and index.
505 0# - FORMATTED CONTENTS NOTE
Formatted contents note Sec. 1. Cell biology -- Sec. 2. Chemistry of biomolecules -- Sec. 3. Molecular biology -- Sec. 4. Metabolism -- Sec. 5. Clinical biochemistry -- Sec. 6. Miscellaneous.
650 #0 - SUBJECT ADDED ENTRY--TOPICAL TERM
Topical term or geographic name entry element Biochemistry.
9 (RLIN) 2455
650 #0 - SUBJECT ADDED ENTRY--TOPICAL TERM
Topical term or geographic name entry element Clinical biochemistry.
9 (RLIN) 3417
700 1# - ADDED ENTRY--PERSONAL NAME
Personal name Shinde, Rana.
9 (RLIN) 3418
906 ## - LOCAL DATA ELEMENT F, LDF (RLIN)
a 7
b cbc
c copycat
d 2
e ncip
f 20
g y-gencatlg
942 ## - ADDED ENTRY ELEMENTS (KOHA)
Source of classification or shelving scheme
Koha item type Book
Holdings
Withdrawn status Lost status Source of classification or shelving scheme Damaged status Not for loan Collection code Permanent Location Current Location Date acquired Total Checkouts Full call number Barcode Date last seen Price effective from Koha item type
            Atta-ur-Rahman School of Applied Biosciences (ASAB) Atta-ur-Rahman School of Applied Biosciences (ASAB) 07/18/2017   612.015 CHA ASAB2182 07/18/2017 07/18/2017 Book
© 2023 Central Library, National University of Sciences and Technology. All Rights Reserved.